000 00451nam a2200181 a 4500
001 6922
005 20180713190813.0
008 140415s1944 ag 000 0 spa d
041 _aspa
082 _a301
_bBEN
100 1 _aBENEDICT, RUTH
245 1 3 _aEL HOMBRE Y LA CULTURA
250 _a2A ED.
260 _aARGENTINA :
_bSUDAMERICANA,
_c1944
300 _a349
490 _aCIENCIA Y CULTURA
650 1 4 _aANTROPOLOGIA SOCIAL
999 _c6922
_d6922